UBT Library

Field Guide to Child Welfare (Record no. 55707)

000 -LEADER
fixed length control field 00318nam a22001457a 4500
008 - FIXED-LENGTH DATA ELEMENTS--GENERAL INFORMATION
fixed length control field 210303b ||||| |||| 00| 0 eng d
020 ## - INTERNATIONAL STANDARD BOOK NUMBER
International Standard Book Number 2900878686185
041 ## - LANGUAGE CODE
Language code of text/sound track or separate title eng
080 ## - UNIVERSAL DECIMAL CLASSIFICATION NUMBER
Universal Decimal Classification number 316
082 ## - DEWEY DECIMAL CLASSIFICATION NUMBER
Classification number 316
100 ## - Rafti
Rafti 50
101 ## - Shkurtesa
Shkurtesa SOC
245 ## - TITLE STATEMENT
Title Field Guide to Child Welfare
Statement of responsibility, etc Rycus, J.S
942 ## - ADDED ENTRY ELEMENTS (KOHA)
Source of classification or shelving scheme
Item type Books
Holdings
Withdrawn status Lost status Source of classification or shelving scheme Damaged status Not for loan Collection code Permanent location Current location Shelving location Date acquired Total Checkouts Full call number Barcode Date last seen Price effective from Koha item type
          Koleksioni i përgjithshem UBT - Lipjan UBT - Lipjan Koleksioni i përgjithshem 03/03/2021   316 RYC 002-6000380 03/03/2021 03/03/2021 Books
          Koleksioni i përgjithshem UBT - Lipjan UBT - Lipjan Koleksioni i përgjithshem 05/27/2021   316 RYC 002-7003023 05/27/2021 05/27/2021 Books
UBT Library © 2015-2024. All rights reserved University Education for Business and Technology